Guide to patterns usage in English 2nd/Ed (Record no. 249162)

000 -LEADER
fixed length control field 00355 a2200145 4500
001 - CONTROL NUMBER
control field 14089
020 ## - INTERNATIONAL STANDARD BOOK NUMBER
International Standard Book Number 019442118x
082 ## - DEWEY DECIMAL CLASSIFICATION NUMBER
Classification number 425 HOR
090 ## - LOCALLY ASSIGNED LC-TYPE CALL NUMBER (OCLC); LOCAL CALL NUMBER (RLIN)
-- 11034
-- 11034
100 ## - MAIN ENTRY--PERSONAL NAME
Personal name A S Hornby
245 ## - TITLE STATEMENT
Title Guide to patterns usage in English 2nd/Ed
Statement of responsibility, etc. A S Hornby
250 ## - EDITION STATEMENT
Edition statement 2 nd
260 ## - PUBLICATION, DISTRIBUTION, ETC.
Place of publication, distribution, etc. London
Name of publisher, distributor, etc. Oxford university press
Date of publication, distribution, etc. 1975
300 ## - PHYSICAL DESCRIPTION
Extent xv 239 p
942 ## - ADDED ENTRY ELEMENTS (KOHA)
Institution code [OBSOLETE] NUST-CAE
Call number prefix 425 HOR
Holdings
Withdrawn status Lost status Damaged status Not for loan Collection code Permanent Location Current Location Date acquired Total Checkouts Full call number Barcode Date last seen Price effective from Koha item type
          College of Aeronautical Engineering (CAE) College of Aeronautical Engineering (CAE) 04/03/2017   425 HOR CAE35327 04/05/2017 04/05/2017 Book
© 2023 Central Library, National University of Sciences and Technology. All Rights Reserved.